000 00873nam a2200229 a 4500
001 000035798
005 20240524205107.0
008 111114s1960 ag 000 0 spa d
040 _aDO-SdBNP
_bspa
_cBNPHU
082 _a262.91
_bE56p
245 0 0 _aEnciclicas políticas y sociales de los romanos pontífices /
_ccompiladas, traducidas por Marino Ayerra Redin.
260 _aBuenos Aires, Argentina :
_bCompañia General Fabril Editora,
_c1960.
300 _a410 p. ;
_c18 cm.
490 1 _aLos libros del mirasol
_v24
500 _aIncluye referencias bibliográficas y notas al pie de la páginas
650 4 _aEncíclicas
_948333
650 0 _a Iglesia y problemas sociales.
_x Iglesia Católica
_98584
700 1 2 _aRedin, Marino Ayerra
_dcomp.
_961747
830 0 _aLos libros del mirasol
_n24
_961748
910 _aValidado. Control de calidad MFF
049 _aBNPD
999 _c35289
_d35289